Mr. Charles : (Record no. 24898)
[ view plain ]
| 000 -LEADER | |
|---|---|
| fixed length control field | 00763cam a22002412a 4500 |
| 001 - CONTROL NUMBER | |
| control field | 24898 |
| 003 - CONTROL NUMBER IDENTIFIER | |
| rucl marc code | BD-RjUL |
| 005 - DATE AND TIME OF LATEST TRANSACTION | |
| control field | 20211209001119.0 |
| 008 - FIXED-LENGTH DATA ELEMENTS--GENERAL INFORMATION | |
| fixed length control field | 140315t1926 enk 001 0beng d |
| 035 ## - SYSTEM CONTROL NUMBER | |
| System control number | (BD-RjUL)24967 |
| 040 ## - CATALOGING SOURCE | |
| Original cataloging agency | DLC |
| Transcribing agency | XFM |
| Modifying agency | OCL |
| -- | EQO |
| -- | BD-RjUL |
| Language of cataloging | eng |
| 041 ## - LANGUAGE CODE | |
| Language code of text/sound track or separate title | eng |
| 082 04 - DEWEY DECIMAL CLASSIFICATION NUMBER | |
| Classification number | 942.062 |
| Author mark and year | DRM 1926 |
| 090 ## - LOCALLY ASSIGNED LC-TYPE CALL NUMBER (OCLC); LOCAL CALL NUMBER (OCLC) | |
| Classification number (OCLC) (R) ; Classification number, CALL (RLIN) (NR) | DA445 |
| Local cutter number (OCLC) ; Book number/undivided call number, CALL (RLIN) | .D7 |
| 100 1# - MAIN ENTRY--PERSONAL NAME | |
| Personal name | Drinkwater, John, |
| Dates associated with a name | 1882-1937. |
| 9 (RLIN) | 76622 |
| 245 10 - TITLE STATEMENT | |
| Title | Mr. Charles : |
| Remainder of title | king of England / |
| Statement of responsibility, etc. | by John Drinkwater |
| 260 ## - PUBLICATION, DISTRIBUTION, ETC. (IMPRINT) | |
| Place of publication, distribution, etc. | London : |
| Name of publisher, distributor, etc. | Hodder and Stoughton, |
| Date of publication, distribution, etc. | 1926, |
| 300 ## - PHYSICAL DESCRIPTION | |
| Pagination | xi, 292 p. : |
| Illustrations | front., ports., facsims. ; |
| Size | 23 cm. |
| 504 ## - BIBLIOGRAPHY, ETC. NOTE | |
| Bibliography, etc | includes index. |
| 600 00 - SUBJECT ADDED ENTRY--PERSONAL NAME | |
| Personal name | Charles |
| Titles and other words associated with a name | King of England, |
| Dates associated with a name | 1630-1685 |
| 651 #0 - SUBJECT ADDED ENTRY--GEOGRAPHIC NAME | |
| Geographic name | Great Britain |
| General subdivision | History |
| Chronological subdivision | Charles II, 1660-1685 |
| 9 (RLIN) | 76624 |
| 942 ## - ADDED ENTRY ELEMENTS (KOHA) | |
| Source of classification or shelving scheme | Dewey Decimal Classification |
| Koha item type | Books |
| Lost status | Source of classification or shelving scheme | Damaged status | Not for loan | Collection code | Permanent Location | Current Location | Shelving location | Date acquired | Source of acquisition | Total Checkouts | Full call number | Date last seen | Copy number | Koha item type |
|---|---|---|---|---|---|---|---|---|---|---|---|---|---|---|
| Dewey Decimal Classification | Added to bundle | Non-fiction | Central Library, University of Rajshahi | Central Library, University of Rajshahi | Reading Room | 25/03/1974 | BNBC | 942.062 DRM 1926 | 15/03/2014 | C-1 | Books |